| 000 | 01263nam0a22002891 4500 | ||
|---|---|---|---|
| 001 | rc\3533550 | ||
| 005 | 20260406092029.0 | ||
| 035 | _a(NLR Aleph) 007629782 | ||
| 090 |
_a6010959 _c6010959 |
||
| 100 | _a20130115d1969 |||y0rusy50 ca | ||
| 101 | 0 | _arus | |
| 102 | _aRU | ||
| 105 | _ay z ||||| | ||
| 200 | 1 |
_aПроизводство стальных канатов повышенной работоспособности _fМ-во черной металлургии СССР. Центр. науч.-исслед. ин-т информации и технико-экон. исследований черной металлургии |
|
| 210 |
_aМосква _cБ. и. _d1969 |
||
| 215 |
_a111 с. _d21 |
||
| 300 | _aНа обл. авт. не указан | ||
| 309 | _aОтпеч. множит. аппаратом | ||
| 320 | _aБиблиогр.: с. 105-110 | ||
| 333 | _aДля служебного пользования. Экз. № 5 | ||
| 700 | 1 |
_8rus _7ca _aВладимиров _bЮ. В. _cмемуарист, канд. техн. наук _f1921- _gЮрий Владимирович _3RU\NLR\AUTH\7762453 _945383 |
|
| 801 | 0 |
_aRU _bNLR _gpsbo |
|
| 801 | 1 |
_aRU _bELAR _2rusmarc |
|
| 852 |
_aNLR _j50К/19567 |
||
| 942 | _cBOOK | ||
| 980 | _aNB | ||